000 00223nam a22000857a 4500
008 170202b xxu||||| |||| 00| 0 eng d
100 _92738
_aFrandon.J
245 _aSuper Science Air and Water
260 _aNew delhi
_bom Kidz
_c2011
999 _c5914
_d5914